000
00336nam a2200145Ia 4500
008
150301s2013 xx 000 0 und d
082
_a
611
_b
G13R
100
_a
RAWANI, SHOBHA
245
_a
TB. OF GENERAL ANATOMY
250
_a
2ND
260
_b
JAYPEE
_a
DELHI
_c
2013
300
_a
218
650
_a
HUMAN ANATOMY
942
_2
ddc
_c
BK
_0
21
999
_c
6575
_d
6575